مكتبة جامعة عجلون الوطنية

فهرس بحث المكتبة

المحاصيل الزراعية الاستراتيجية : الواقع واحتمالات المستقبل / (Record no. 33764)

MARC details
000 -LEADER
fixed length control field 00978nam a22002057a 4500
003 - CONTROL NUMBER IDENTIFIER
control field JO-AjAnu
005 - DATE AND TIME OF LATEST TRANSACTION
control field 20241019115531.0
008 - FIXED-LENGTH DATA ELEMENTS--GENERAL INFORMATION
fixed length control field 241019b jo ||||| |||| 00| 0 ara d
020 ## - INTERNATIONAL STANDARD BOOK NUMBER
International Standard Book Number 1-257-28-9923-978
040 ## - CATALOGING SOURCE
Transcribing agency JO-AjAnu
041 ## - LANGUAGE CODE
Language code of text/sound track or separate title ARA
100 #1 - MAIN ENTRY--PERSONAL NAME
Personal name الشكري، عبد العظيم عبد الواحد
9 (RLIN) 66326
Relator term مؤلف
245 20 - TITLE STATEMENT
Title المحاصيل الزراعية الاستراتيجية : الواقع واحتمالات المستقبل /
Statement of responsibility, etc. عبد العظيم عبد الواحد الشكري؛ مصطفى عليوي العبيدي
250 ## - EDITION STATEMENT
Edition statement الطبعة الاولى
260 ## - PUBLICATION, DISTRIBUTION, ETC.
Place of publication, distribution, etc. عمان :
Name of publisher, distributor, etc. دار الصفاء للنشر والتوزيع،
Date of publication, distribution, etc. 2024
300 ## - PHYSICAL DESCRIPTION
Extent 280 صفحة
650 70 - SUBJECT ADDED ENTRY--TOPICAL TERM
Topical term or geographic name entry element المحاصيل - الانتاج الزراعي- الامن الغذائي- التنمية الزراعية- الاقتصاد- العراق
9 (RLIN) 66329
700 #1 - ADDED ENTRY--PERSONAL NAME
Personal name العبيدي، مصطفى عليوي
9 (RLIN) 66330
Relator term مؤلف مشارك
942 ## - ADDED ENTRY ELEMENTS (KOHA)
Source of classification or shelving scheme Library of Congress Classification
Koha item type Books
Suppress in OPAC No
Holdings
Withdrawn status Lost status Source of classification or shelving scheme Damaged status Not for loan Home library Current library Date acquired Total Checkouts Full call number Barcode Date last seen Price effective from Koha item type
    Library of Congress Classification     مكتبة جامعة عجلون الوطنية مكتبة جامعة عجلون الوطنية 19/10/2024   SB187 2025 A30110 19/10/2024 19/10/2024 Books